Evolution international journal of organic evolution
Αποθηκεύτηκε σε:
| Συγγραφή απο Οργανισμό/Αρχή: | |
|---|---|
| Μορφή: | Περιοδική έκδοση |
| Γλώσσα: | English |
| Δημοσίευση: |
Lawrence, KS :
Society for the Study of Evolution,
1947-
|
| Θέματα: | |
| Ετικέτες: |
Προσθήκη ετικέτας
Δεν υπάρχουν, Καταχωρήστε ετικέτα πρώτοι!
|
MARC
| LEADER | 00000nas a2200000 i 4500 | ||
|---|---|---|---|
| 001 | 1/36897 | ||
| 008 | 030617c19479999us r r 0 |eng|| | ||
| 022 | |a 0014-3820 | ||
| 035 | |l 10070156 | ||
| 040 | |a GR-MY-UA |b gre |e aacr | ||
| 041 | 0 | |a eng | |
| 082 | 0 | |a 575 |2 (21) | |
| 110 | 2 | |a Society for the Study of Evolution. | |
| 245 | 1 | 0 | |a Evolution |h [περιοδικό] : |b international journal of organic evolution / |c Society for the Study of Evolution. |
| 260 | |a Lawrence, KS : |b Society for the Study of Evolution, |c 1947- | ||
| 300 | |a v. : |b εικ. ; |c 28 εκ. | ||
| 310 | |a Μηνιαίο | ||
| 650 | 0 | 0 | |a Evolution |x Periodicals. |
| 853 | |a INST |b LESVOS |c SER |h 575 | ||
| 922 | |a 1ΕΛΗ |b 200101 |c ΤΜΗΜΑ ΕΠΙΣΤΗΜΗΣ ΤΗΣ ΘΑΛΑΣΣΑΣ |d ΕΛΕΥΘΕΡΟΥΔΑΚΗΣ | ||
| 970 | |a ΤΖΑΦΕΡΗ |b ΕΥΑΓΓΕΛΙΑ |z 2003/06/17 | ||